[Event "XXVII RUS-chT Women 2020"]
[Site "Sochi"]
[Date "2020.11.21"]
[Round "3.24"]
[White "Lesnykh, Zhanna"]
[Black "Tinina, Kristina"]
[Result "1-0"]
[WhiteElo "1755"]
[BlackElo "1678"]
[Annotator "NA"]
[PlyCount "57"]
[EventDate "2020.11.19"]
[EventType "team-tourn"]
[EventCountry "RUS"]
[SourceTitle "playchess.com"]
[Source "ChessBase"]
[SourceQuality "1"]
[TimeControl "40/5400+30:1800+30"]

1. e4 {[%emt 0:00:00]} c5 {[%emt 0:00:00]} 2. Nf3 {[%emt 0:00:00]} d6 {[%emt 0:00:04]} 3. d4 {[%emt 0:00:00]} cxd4 {[%emt 0:00:14]} 4. Qxd4 {[%emt 0:00:00]} Nc6 {[%emt 0:07:16]} 5. Bb5 {[%emt 0:00:00]} Bd7 {[%emt 0:01:08]} 6. Bxc6 {[%emt 0:00:00]} Bxc6 {[%emt 0:00:44]} 7. Nc3 {[%emt 0:00:07]} Nf6 {[%emt 0:11:28]} 8. Bg5 {[%emt 0:00:07]} e5 {[%emt 0:11:22]} 9. Qd3 {[%emt 0:00:13]} h6 {[%emt 0:01:26]} 10. Bxf6 {[%emt 0:00:47]} Qxf6 {[%emt 0:00:07]} 11. Nb5 {[%emt 0:08:06]} Qd8 {[%emt 0:12:29]} 12. O-O-O {[%emt 0:08:21]} a6 {[%emt 0:08:12]} 13. Nxd6+ {[%emt 0:03:13]} Bxd6 {[%emt 0:03:29]} 14. Qxd6 {[%emt 0:00:06]} Qxd6 {[%emt 0:00:16]} 15. Rxd6 {[%emt 0:00:05]} Bxe4 {[%emt 0:04:41]} 16. Nxe5 {[%emt 0:01:57]} Bxg2 {[%emt 0:04:50]} 17. Rg1 {[%emt 0:00:28]} Bh3 {[%emt 0:02:39]} 18. Rxg7 {[%emt 0:01:45]} Ke7 {[%emt 0:01:56]} 19. Rb6 {[%emt 0:01:02]} Be6 {[%emt 0:01:09]} 20. Nxf7 {[%emt 0:13:26]} Rhg8 {[%emt 0:05:30]} 21. Rxb7+ {[%emt 0:08:43]} Kf6 {[%emt 0:00:41]} 22. Rh7 {[%emt 0:05:06]} Rg1+ {[%emt 0:02:09]} 23. Kd2 {[%emt 0:00:06]} Bd5 {[%emt 0:01:34]} 24. Rb6+ {[%emt 0:01:35]} Kf5 {[%emt 0:01:10]} 25. Nxh6+ {[%emt 0:01:36]} Kf4 {[%emt 0:00:59]} 26. Nf7 {[%emt 0:04:18]} Kf3 {[%emt 0:02:48]} 27. Ne5+ {[%emt 0:02:30]} Ke4 {[%emt 0:00:52]} 28. Rh5 {[%emt 0:02:10]} Rg2 {[%emt 0:01:48]} 29. Rb4+ {[%emt 0:00:30]} 1-0

[Event "XXVII RUS-chT Women 2020"]
[Site "Sochi"]
[Date "2020.11.22"]
[Round "4.1"]
[White "Pogonina, Natalija"]
[Black "Shuvalova, Polina"]
[Result "1/2-1/2"]
[WhiteElo "2475"]
[BlackElo "2454"]
[Annotator "TA"]
[PlyCount "176"]
[EventDate "2020.11.19"]
[EventType "team-tourn"]
[EventCountry "RUS"]
[SourceTitle "playchess.com"]
[Source "ChessBase"]
[SourceQuality "1"]

{[%evp 18,176,19,34,17,9,28,4,0,0,13,4,7,0,16,0,0,0,0,0,14,-18,14,8,14,24,21,17,21,0,17,20,18,10,10,9,9,11,8,13,16,4,29,0,0,0,0,0,0,0,0,0,0,0,0,0,0,0,0,0,0,0,0,0,0,0,0,0,0,0,0,0,0,0,0,0,0,0,25,28,28,28,29,29,44,47,141,163,196,196,179,160,426,439,1237,1267,29981,29982,29982,29978,29978,29979,29975,29975,29953,29952,29954,29955,6243,0,5527,1194,5157,5157,1960,1467,1500,3695,1622,1266,5729,6117,1722,291,291,334,1286,334,334,334,332,325,325,325,474,8,8,8,8,8,8,8,8,8,8,8,8,8,8,0,474,0,8,8,8,8,8,8,8,8,8]} 1. d4 Nf6 2. c4 e6 3. g3 c5 4. d5 exd5 5. cxd5 d6 6. Nc3 g6 7. Bg2 Bg7 8. Nf3 O-O 9. O-O Re8 10. Bf4 Bf5 {A62: Modern Benoni: Fianchetto Variation without early ...Nbd7.} 11. Nh4 Bc8 {11...Bg4 injects fresh life into this line.} 12. Qc1 a6 13. a4 Qe7 14. Re1 Nbd7 15. Nf3 Rb8 16. a5 Ng4 {[#]} 17. h3 $146 ({Predecessor:} 17. Bg5 Bf6 18. Bxf6 Ndxf6 19. Rb1 b5 20. axb6 Rxb6 21. h3 Ne5 22. Nd2 g5 23. Nf1 h6 24. Qc2 Nh5 25. Ne3 {1-0 (57) Escobar Medina,A (2316)-Herrera,M (2061) Medellin 2018}) 17... Nge5 18. Nxe5 Nxe5 19. Bh6 Bh8 20. Na4 b5 21. axb6 Bd7 22. Bg5 Qf8 23. Bh6 Bg7 24. Bxg7 Qxg7 25. f4 Nd3 26. exd3 {And now Kh2 would win.} Qd4+ 27. Kh2 {Black must now prevent b3.} Bxa4 28. Rxe8+ Bxe8 29. Rxa6 Qxd3 (29... Bb5 $5 {[%cal Rb5a6]} 30. Ra7 Rxb6 $16) 30. Qa1 Qb5 31. b7 Qd7 32. Qe1 Qxb7 33. Rxd6 Qxb2 34. Qe7 c4 {Hoping for ...c3.} 35. Rd8 Rxd8 36. Qxd8 Qb5 37. Qc7 Bd7 38. g4 Qa4 39. Qb8+ Kg7 40. Qe5+ Kg8 41. Qb8+ Kg7 42. Qc7 h6 43. Qe5+ Kg8 44. f5 g5 45. Qc7 Kg7 46. Qe5+ Kg8 47. Qb8+ Kg7 {With the idea ...Qa1.} 48. f6+ {[%mdl 64] Decoy} Kxf6 49. Qh8+ Ke7 50. Qxh6 {Threatening mate with d6+.} Qb4 51. Qxg5+ Ke8 (51... Kf8 $14) 52. Qe5+ $16 Qe7 53. Qb8+ Qd8 54. Qf4 Bb5 $2 (54... f5 $16) 55. d6 $18 f6 (55... Kf8 $142 56. Qh6+ Ke8 57. Qe3+ Kf8 58. Qh6+ (58. Qe5 Kg8 $18) 58... Ke8 59. Qe3+ Kf8 60. Qh6+) 56. Bd5 Qa5 57. Qe3+ Kd8 58. Qe7+ Kc8 59. Qe6+ Kd8 60. Qxf6+ Kd7 61. Qe7+ {Cut Off at move 61} Kc8 62. Qe6+ Kd8 63. Qe7+ Kc8 64. Be6+ (64. Kg3 $142 Ba4 65. g5) 64... Kb8 65. Qf8+ Ka7 66. Qg7+ Kb8 67. Qh8+ (67. Qg8+ $142 Ka7 68. Qg7+ Kb8 69. Qd4) 67... Ka7 68. Qd4+ Qb6 69. Qxb6+ Kxb6 {[%mdl 4096] Endgame KB-KB} 70. h4 $2 (70. Bf5 Kc6 71. d7) 70... c3 {...c2 is the strong threat.} 71. Bf5 {aiming for Bc2.} Bd7 $2 (71... Ba4 72. Kg3 Kc6) 72. Bc2 $2 (72. Be4 Bxg4 73. Kg3) 72... Bxg4 73. Kg3 $1 {[%cal Rg3g4]} Bh5 {intending ...Kc6.} 74. Kf4 $1 {[%cal Rf4e5]} Kc6 75. Ke5 Kd7 {[#]} 76. Ba4+ $2 (76. Bf5+ $1 $18 Ke8 77. Kf4) 76... Kd8 $11 77. Kd4 (77. Kf4 $5 {[%cal Rf4e3]}) 77... Be8 $1 78. Bc2 ({Not} 78. Bxe8 $2 c2 $19) 78... Kd7 79. Kc5 Bh5 80. Bf5+ Kd8 81. Kd4 Bg4 $1 82. Bc2 ({But not} 82. Bxg4 $2 c2 $19) 82... Kd7 83. Ke5 $2 {[%mdl 8192]} (83. Kxc3 $11 Kxd6 84. Kd4) 83... Bh5 $1 $18 {[#]} 84. Ba4+ $2 ({White has to play} 84. Bf5+ $1 $18 Ke8 85. Kf4) 84... Kd8 $11 {The position is equal.} 85. Kf6 Be8 86. Bb3 Kd7 87. Ke5 Bg6 88. Ba4+ Kd8 $1 {Weighted Error Value: White=0.03/Black=0.23} 1/2-1/2

[Event "XXVII RUS-chT Women 2020"]
[Site "Sochi"]
[Date "2020.11.22"]
[Round "4.2"]
[White "Kovalevskaya, Ekaterina"]
[Black "Girya, Olga"]
[Result "1-0"]
[WhiteElo "2386"]
[BlackElo "2469"]
[Annotator "TA"]
[PlyCount "113"]
[EventDate "2020.11.19"]
[EventType "team-tourn"]
[EventCountry "RUS"]
[SourceTitle "playchess.com"]
[Source "ChessBase"]
[SourceQuality "1"]

{[%evp 11,113,0,17,17,26,19,16,19,23,9,21,-8,-10,-4,-16,-32,-20,-66,-67,-60,-54,-69,-66,-59,-58,-74,-50,-37,0,0,0,0,67,78,168,165,333,303,316,310,389,384,512,508,445,311,316,310,278,214,475,470,439,434,460,453,752,135,135,136,136,128,128,120,120,120,348,155,348,348,345,345,348,348,348,348,6373,6258,5860,5860,5860,5170,4999,4852,3894,2791,29942,12286,5845,5546,29968,29968,29976,29977,29977,29976,29977,29978,29977,29978,29969,11890,11890,6612]} 1. e4 c6 2. d4 d5 3. exd5 cxd5 4. c4 Nf6 5. Nc3 Nc6 6. Nf3 a6 7. c5 {B13: Caro-Kann: Exchange Variation and Panov-Botvinnik Attack.} Bg4 8. Be2 g6 9. O-O {The position is equal.} Bg7 {[#]} 10. Be3 $146 ({Predecessor:} 10. h3 Bxf3 11. Bxf3 O-O 12. Rb1 e6 13. Bf4 Nd7 14. Ne2 a5 15. b3 b6 16. cxb6 Qxb6 {1-0 (67) Blohberger,F (2467)-Donchenko,A (2654) Karlsruhe 2020}) 10... e6 11. h3 Bxf3 12. Bxf3 Ng8 13. b4 Nge7 14. b5 axb5 15. Nxb5 Nf5 16. Bg4 {With the idea Bxf5.} Nxe3 17. fxe3 {And now Nd6+ would win.} O-O 18. a4 e5 19. Ra3 Qe7 20. Bf3 Rad8 21. a5 f5 (21... Qh4 $11) 22. a6 $14 exd4 (22... e4 $16 {was worth a try.}) 23. Nd6 $18 (23. exd4 bxa6 24. Rxa6 Nxd4 $17) 23... dxe3 $2 (23... Rxd6 $2 24. cxd6 Qxd6 25. Qb3 $18 (25. axb7 Qxa3 26. Bxd5+ {[%mdl 64] Double Attack} Kh8 $15)) (23... Kh8) 24. Qxd5+ ({And not} 24. Bxd5+ Kh8 $15) 24... Kh8 25. axb7 Nb8 26. Rd3 Rd7 27. c6 Rc7 28. Nc8 Rcxc8 29. bxc8=Q ({But not} 29. bxc8=B Rxc8 30. Re1 f4 $18) 29... Rxc8 30. Qd6 Qa7 $2 (30... Qxd6 31. Rxd6 Bf8) 31. Re1 {Black must now prevent c7.} Nxc6 32. Bxc6 e2+ 33. Kh2 Qf2 {[#]} (33... Bf8 $142 34. Qf6+ Qg7 35. Qxg7+ Kxg7) 34. Qg3 $2 (34. Qe7 $3 $18 {[%mdl 512]} Bd4 35. Rxe2 Qg1+ 36. Kg3) 34... Qxg3+ $16 35. Kxg3 Be5+ 36. Kf3 Rxc6 37. Rxe2 {[%mdl 4096] Endgame KRR-KRB} Rc5 38. Rd7 Kg8 $2 {[#]} (38... Rc3+ $16 39. Re3 Rxe3+ 40. Kxe3 h5) 39. Ra2 $1 $18 {[%cal Ra2a8]} Rc3+ $2 {Black cannot hold the game after this.} (39... Rc8 $16 {keeps fighting.} 40. Raa7 Bf6 41. Rxh7 Rc3+ 42. Ke2 Rc2+ 43. Kd3 Rc3+ 44. Kd2 Ra3) 40. Ke2 {White wants to mate with Ra8+.} Rc8 {[#]} 41. Raa7 $1 Bf6 42. Rxh7 Rc2+ 43. Kd1 Ra2 $2 (43... Rb2 44. Rhd7 Rb1+ 45. Ke2 Ra1) 44. Rhb7 {White threatens Rb8+ and mate.} Rxa7 45. Rxa7 {KR-KB} Bg7 46. Ke2 Kh7 47. Kd3 Kh6 48. Kc4 Be5 49. Kd5 Bg3 50. Ke6 f4 51. Kf7 g5 52. Ra6+ Kh7 53. Kf6 Kh6 54. Kf5+ Kh5 55. Ra8 {[%cal Ra8h8]} Kh6 56. Rh8+ (56. Kf6 $142 Kh7 57. Kxg5 Be1 58. Rf8 Bg3 59. Rf7+ Kg8 60. Rxf4 Kh7 61. Rf7+ Kg8 62. Rb7) 56... Kg7 57. Rh5 {Weighted Error Value: White=0.24/Black=0.70} 1-0

[Event "XXVII RUS-chT Women 2020"]
[Site "Sochi"]
[Date "2020.11.22"]
[Round "4.3"]
[White "Badelka, Olga"]
[Black "Bivol, Alina"]
[Result "1/2-1/2"]
[WhiteElo "2427"]
[BlackElo "2373"]
[Annotator "TA"]
[PlyCount "82"]
[EventDate "2020.11.19"]
[EventType "team-tourn"]
[EventCountry "RUS"]
[SourceTitle "playchess.com"]
[Source "ChessBase"]
[SourceQuality "1"]

{[%evp 18,82,22,0,5,12,39,22,29,37,32,29,68,0,11,0,0,3,13,20,16,9,0,0,41,42,30,14,27,12,18,-11,-6,-8,0,0,8,10,50,9,9,0,0,0,0,0,0,0,0,-6,0,0,0,0,0,0,0,0,0,0,0,0,0,0,0,0,0]} 1. d4 Nf6 2. c4 g6 3. Nf3 Bg7 4. g3 d5 5. cxd5 Nxd5 6. Bg2 Nb6 7. O-O Nc6 8. e3 O-O 9. Nc3 Re8 10. h3 $1 {[%mdl 4] now scores much better than the old 10.Re1.} a5 {D76: Fianchetto Grünfeld: Main Line with 7...Nb6.} 11. d5 Nb4 {[%cal Rb6d5]} 12. e4 c6 {[%cal Rc6d5]} 13. a3 Na6 14. Be3 Nc4 15. Bd4 (15. Qe2 $14 Bxc3 16. Qxc4 (16. bxc3 cxd5 17. Rad1 e6 $11) 16... Bxb2 17. Rad1 (17. dxc6 Bxa1 18. Ng5 Rf8 $15) 17... cxd5 18. Qb3 (18. Qxd5 Qxd5 19. Rxd5 Be6 $11) (18. Rxd5 Be6 $15)) 15... e5 $11 16. dxe6 Bxe6 17. Bxg7 {[#]} Qxd1 $146 ({Predecessor:} 17... Kxg7 18. Qe2 Nc5 19. Rad1 Qb6 20. Ng5 Ne5 21. Nxe6+ Nxe6 22. Kh1 Nd4 23. Qe3 Rad8 {0-1 (54) Farago,S (2375)-Fogarasi,T (2440) Budapest 1993}) 18. Rfxd1 Kxg7 19. b3 Nb6 20. Nd4 a4 21. Nxe6+ Rxe6 22. Rab1 axb3 23. Rxb3 Nc8 24. a4 Nc5 25. Rb4 Ra7 26. Rd8 Ne7 27. f4 Na6 28. Rb1 Nc5 {The position is equal.} 29. h4 Ng8 30. Rb4 h5 31. Rc4 Ra5 32. Bh3 Re7 33. Kf2 Nf6 {[%cal Rf6e4]} 34. Kf3 Re8 35. Rdd4 Rea8 36. e5 Ng8 37. Rb4 Ne7 38. Ke2 Kf8 39. Kd1 R5a7 40. Kc2 Ne6 {[#] Strongly threatening ...c5.} 41. Rd7 {And now Bxe6 would win.} Nc5 {[%mdl 64] Double Attack.  Weighted Error Value: White=0.09/Black=0.07} 1/2-1/2

[Event "XXVII RUS-chT Women 2020"]
[Site "Sochi"]
[Date "2020.11.22"]
[Round "4.4"]
[White "Voit, Daria"]
[Black "Kovanova, Baira"]
[Result "1/2-1/2"]
[WhiteElo "2353"]
[BlackElo "2323"]
[Annotator "TA"]
[PlyCount "63"]
[EventDate "2020.11.19"]
[EventType "team-tourn"]
[EventCountry "RUS"]
[SourceTitle "playchess.com"]
[Source "ChessBase"]
[SourceQuality "1"]

{[%evp 23,63,0,3,0,20,20,19,-24,-12,-32,-25,-35,-19,-28,-13,-15,-20,-29,-9,-16,-8,-9,-9,-27,-8,-10,0,-17,-11,-12,0,0,0,0,0,0,0,0,0,0,0,0]} 1. c4 Nf6 2. Nc3 e5 3. g3 d5 4. cxd5 Nxd5 5. Bg2 Nb6 6. Nf3 Nc6 7. O-O Be7 8. d3 O-O 9. Be3 Be6 10. a3 Nd5 11. Nxd5 Bxd5 12. Rc1 Re8 13. Nd2 {A29: English Opening: Four Knights Variation with 4 g3.} Bxg2 14. Kxg2 Nd4 {[#]} 15. Re1 $146 (15. Bxd4 $5 exd4 16. Qb3 $11) ({Predecessor:} 15. Bxd4 exd4 16. Nf3 c5 17. Qb3 Qb6 18. Qxb6 axb6 19. Rc2 Bd6 20. Re1 b5 21. Nd2 {0-1 (54) Gonzalez Aguirre,L (2153)-Garcia Trobat,F (2313) Mislata 2005}) 15... c6 16. Kg1 Qd7 17. Qa4 Ne6 18. Nc4 Bf6 {...b5 is the strong threat.} 19. Na5 h5 20. Qb4 Re7 21. Qe4 Nd4 22. Bxd4 exd4 23. Qf3 Re5 24. b4 {The position is equal.} Bg5 25. Rc2 Rf5 26. Qg2 ({Much worse is} 26. Qxh5 Be3 $17) 26... Rxf2 27. Kxf2 {aiming for Kg1.} (27. Qxf2 $2 {is the wrong capture.} Be3 $19) 27... Be3+ 28. Kf1 {And now Rb1 would win.} Qf5+ 29. Qf3 Qh3+ {[%mdl 64] [#] Double Attack} 30. Qg2 Qf5+ 31. Qf3 Qh3+ {[%mdl 64] Double Attack} 32. Qg2 {A rather calm draw.  Weighted Error Value: White=0.07/Black=0.08} 1/2-1/2

[Event "XXVII RUS-chT Women 2020"]
[Site "Sochi"]
[Date "2020.11.22"]
[Round "4.5"]
[White "Protopopova, Anastasiya"]
[Black "Bodnaruk, Anastasia"]
[Result "0-1"]
[WhiteElo "2267"]
[BlackElo "2414"]
[Annotator "NA RC"]
[PlyCount "96"]
[EventDate "2020.11.19"]
[EventType "team-tourn"]
[EventCountry "RUS"]
[SourceTitle "playchess.com"]
[Source "ChessBase"]
[SourceQuality "1"]
[TimeControl "40/5400+30:1800+30"]

1. d4 {[%emt 0:00:00]} Nf6 {[%emt 0:00:00]} 2. c4 {[%emt 0:00:00]} g6 {[%emt 0:00:00]} 3. Nc3 {[%emt 0:00:00]} Bg7 {[%emt 0:00:00]} 4. e4 {[%emt 0:00:00]} d6 {[%emt 0:00:00]} 5. h3 {[%emt 0:00:11]} O-O {[%emt 0:00:00]} 6. Nf3 {[%emt 0:00:04]} e5 {[%emt 0:02:08]} 7. d5 {[%emt 0:00:07]} Nh5 {[%emt 0:00:26]} 8. g3 {[%emt 0:00:06]} Qe8 {[%emt 0:02:19]} 9. Be2 {[%emt 0:00:06]} f5 {[%emt 0:00:30]} 10. exf5 {[%emt 0:01:08]} gxf5 {[%emt 0:00:00]} 11. Ng5 {[%emt 0:00:08]} Nf6 12. Rg1 c6 {[%emt 0:04:16]} 13. Be3 {[%emt 0:04:58]} c5 {[%emt 0:48:52]} (13... Na6 $14) 14. Qc2 e4 (14... Na6 $16) 15. g4 {[%emt 0:14:11]} Kh8 {[%emt 0:03:58]} 16. gxf5 {[%emt 0:10:06]} Bxf5 {[%emt 0:01:01]} 17. Bg4 {[%emt 0:03:16]} Nxg4 {[%emt 0:06:21]} 18. hxg4 {[%emt 0:00:06]} Bg6 {[%emt 0:00:02]} 19. Ncxe4 {[%emt 0:02:37]} (19. O-O-O $18) 19... Qe5 {[%emt 0:11:39]} (19... Na6 $14) 20. f4 {[%emt 0:06:11]} Rxf4 {[%emt 0:00:46]} 21. Bxf4 {[%emt 0:00:10]} Qxf4 {[%emt 0:00:04]} 22. Qf2 $11 {[%emt 0:13:44]} (22. Qd2 $18 Qe5 23. O-O-O) 22... Qe5 {[%emt 0:02:16]} 23. Rh1 {[%emt 0:21:09]} Nd7 {[%emt 0:10:31]} 24. Rxh7+ {[%emt 0:00:52]} Kg8 {[%emt 0:00:22]} 25. Rxg7+ {[%emt 0:02:24]} Kxg7 {[%emt 0:04:06]} 26. O-O-O {[%emt 0:00:34]} Rh8 {[%emt 0:01:29]} 27. Ne6+ {[%emt 0:07:32]} Kg8 {[%emt 0:00:19]} 28. Ng3 {[%emt 0:01:08]} Rh3 {[%emt 0:01:42]} 29. Rg1 {[%emt 0:00:09]} Nf6 {[%emt 0:00:45]} 30. g5 {[%emt 0:03:50]} Rh2 {[%emt 0:00:32]} 31. Qxh2 {[%emt 0:01:24]} Qe3+ {[%emt 0:00:01]} 32. Kd1 {[%emt 0:00:02]} Ng4 {[%emt 0:00:54]} 33. Qe2 {[%emt 0:07:03]} Qxg1+ {[%emt 0:00:11]} 34. Nf1 {[%emt 0:00:34]} Bd3 {[%emt 0:00:53]} 35. Qf3 {[%emt 0:01:34]} Qxf1+ {[%emt 0:00:02]} 36. Qxf1 {[%emt 0:00:05]} Bxf1 {[%emt 0:00:02]} 37. b3 {[%emt 0:00:14]} b5 {[%emt 0:01:26]} 38. Ke1 {[%emt 0:00:52]} Bd3 {[%emt 0:00:16]} 39. Kd2 {[%emt 0:00:21]} bxc4 {[%emt 0:00:36]} 40. Kc3 {[%emt 0:00:00]} Ne5 {[%emt 0:00:00]} 41. Nc7 {[%emt 0:01:50]} Kf7 {[%emt 0:11:23]} 42. Nb5 {[%emt 0:01:35]} cxb3 {[%emt 0:04:18]} 43. Nxd6+ {[%emt 0:00:07]} Ke7 {[%emt 0:00:06]} 44. Nc8+ {[%emt 0:00:22]} Kd7 {[%emt 0:00:40]} 45. Nxa7 {[%emt 0:00:08]} bxa2 {[%emt 0:00:23]} 46. Kb2 {[%emt 0:00:04]} Bc4 {[%emt 0:00:45]} 47. d6 {[%emt 0:00:23]} Nd3+ {[%emt 0:00:26]} 48. Ka1 {[%emt 0:00:06]} Nb4 {[%emt 0:00:14]} 0-1

[Event "XXVII RUS-chT Women 2020"]
[Site "Sochi"]
[Date "2020.11.22"]
[Round "4.6"]
[White "Ovod, Evgenija"]
[Black "Lysenko, Margarita"]
[Result "1-0"]
[WhiteElo "2338"]
[BlackElo "2237"]
[Annotator "NA"]
[PlyCount "79"]
[EventDate "2020.11.19"]
[EventType "team-tourn"]
[EventCountry "RUS"]
[SourceTitle "playchess.com"]
[Source "ChessBase"]
[SourceQuality "1"]
[TimeControl "40/5400+30:1800+30"]

1. e4 {[%emt 0:00:00]} c5 {[%emt 0:00:00]} 2. Ne2 {[%emt 0:00:00]} d6 {[%emt 0:00:09]} 3. g3 {[%emt 0:00:00]} g6 {[%emt 0:04:02]} 4. Bg2 {[%emt 0:00:00]} Bg7 {[%emt 0:00:12]} 5. c3 {[%emt 0:00:01]} Nc6 {[%emt 0:01:22]} 6. d4 {[%emt 0:00:05]} cxd4 {[%emt 0:04:36]} 7. cxd4 {[%emt 0:00:04]} Bg4 {[%emt 0:09:48]} 8. f3 {[%emt 0:06:46]} Bd7 {[%emt 0:01:34]} 9. Nbc3 {[%emt 0:00:17]} Nf6 {[%emt 0:07:21]} 10. Be3 {[%emt 0:08:40]} O-O {[%emt 0:08:27]} 11. O-O {[%emt 0:03:18]} e5 {[%emt 0:16:11]} 12. d5 {[%emt 0:01:51]} Ne7 {[%emt 0:02:54] [#]} 13. a4 $146 {[%emt 0:00:09]} ({Predecessor:} 13. Qb3 b6 14. Nb5 Ne8 15. Qb4 Nc8 16. Rac1 a6 17. Na3 b5 18. Qd2 a5 19. Qd3 {0-1 (49) Corentin,L (1902)-Zagrebelny,S (2481) Cappelle-la-Grande 2011}) 13... Ne8 {[%emt 0:02:51]} 14. a5 {[%emt 0:00:47]} Nc7 {[%emt 0:01:00]} 15. Qb3 {[%emt 0:01:09]} Qb8 {[%emt 0:02:02]} 16. Rfc1 {[%emt 0:07:05]} Kh8 {[%emt 0:05:09]} 17. Qa3 {[%emt 0:02:54]} Ne8 {[%emt 0:04:59]} 18. Qb4 {[%emt 0:10:12]} f5 {[%emt 0:01:48]} 19. Ra3 {[%emt 0:01:09]} Nf6 {[%emt 0:04:17]} 20. h3 {[%emt 0:04:12]} Nh5 {[%emt 0:06:52]} 21. Rb3 $16 {[%emt 0:05:58]} Nxg3 {[%emt 0:02:33]} 22. Qxb7 {[%emt 0:00:19]} Nxe2+ {[%emt 0:05:02]} 23. Nxe2 {[%emt 0:00:04]} Qd8 {[%emt 0:00:54]} 24. Qc7 {[%emt 0:08:06]} Bc8 {[%emt 0:04:34]} 25. Qxd8 {[%emt 0:07:10]} Rxd8 {[%emt 0:00:02]} 26. Rc7 {[%emt 0:00:12]} Ng8 {[%emt 0:01:35]} 27. Rxa7 {[%emt 0:02:21]} Ba6 {[%emt 0:00:47]} 28. Rxa8 {[%emt 0:03:39]} Rxa8 {[%emt 0:00:02]} 29. Nc3 {[%emt 0:00:04]} Bf6 {[%emt 0:01:30]} 30. Ra3 {[%emt 0:01:59]} Bd8 {[%emt 0:01:04]} 31. b4 {[%emt 0:00:35]} Bc4 {[%emt 0:00:31]} 32. Bf1 {[%emt 0:00:24]} Bxf1 {[%emt 0:00:09]} 33. Kxf1 {[%emt 0:00:07]} Ne7 {[%emt 0:00:18]} 34. a6 {[%emt 0:07:14]} Nc8 {[%emt 0:00:09]} 35. a7 {[%emt 0:00:26]} Kg7 {[%emt 0:00:28]} 36. Ra6 {[%emt 0:01:19]} Kf7 {[%emt 0:00:09]} 37. b5 {[%emt 0:01:21]} Ke7 {[%emt 0:00:42]} 38. Na4 {[%emt 0:01:00]} f4 {[%emt 0:01:01]} 39. b6 {[%emt 0:03:48]} Nxa7 {[%emt 0:00:49]} 40. Rxa7+ {[%emt 0:00:00]} 1-0

[Event "XXVII RUS-chT Women 2020"]
[Site "Sochi"]
[Date "2020.11.22"]
[Round "4.7"]
[White "Sudakova, Irina"]
[Black "Belenkaya, Dina"]
[Result "0-1"]
[WhiteElo "2288"]
[BlackElo "2283"]
[Annotator "NA"]
[PlyCount "68"]
[EventDate "2020.11.19"]
[EventType "team-tourn"]
[EventCountry "RUS"]
[SourceTitle "playchess.com"]
[Source "ChessBase"]
[SourceQuality "1"]
[TimeControl "40/5400+30:1800+30"]

1. e4 {[%emt 0:00:00]} c6 {[%emt 0:00:00]} 2. Nc3 {[%emt 0:00:00]} d5 {[%emt 0:00:01]} 3. Nf3 {[%emt 0:00:16]} dxe4 {[%emt 0:01:38]} 4. Nxe4 {[%emt 0:00:16]} Nf6 {[%emt 0:00:34]} 5. Qe2 {[%emt 0:00:34]} Nxe4 {[%emt 0:00:41]} 6. Qxe4 {[%emt 0:00:13]} Qd5 {[%emt 0:00:27]} 7. Qh4 {[%emt 0:07:25]} Bf5 {[%emt 0:02:17]} 8. Bc4 {[%emt 0:03:36]} Qd6 {[%emt 0:03:45]} 9. O-O {[%emt 0:08:34]} e6 {[%emt 0:01:07]} 10. d3 {[%emt 0:05:13]} Be7 {[%emt 0:02:01]} 11. Qd4 $11 {[%emt 0:07:41]} Nd7 {[%emt 0:05:31]} 12. Qxg7 {[%emt 0:20:53]} O-O-O {[%emt 0:27:38]} 13. Qd4 {[%emt 0:01:15]} Qxd4 {[%emt 0:06:01]} 14. Nxd4 {[%emt 0:00:30]} Bg6 {[%emt 0:01:05]} 15. Ne2 {[%emt 0:07:55]} Bf6 {[%emt 0:05:53]} 16. a4 {[%emt 0:03:28]} Rhg8 {[%emt 0:01:39]} 17. a5 {[%emt 0:04:08]} h5 {[%emt 0:06:23]} 18. Be3 {[%emt 0:07:35]} a6 {[%emt 0:09:58]} 19. f4 {[%emt 0:04:51]} h4 {[%emt 0:01:43]} 20. c3 {[%emt 0:02:00]} Rg7 {[%emt 0:02:23]} 21. Rf2 {[%emt 0:02:34]} Rdg8 {[%emt 0:01:52]} 22. Re1 {[%emt 0:03:11]} Bf5 {[%emt 0:00:41]} 23. Kh1 {[%emt 0:01:38]} c5 {[%emt 0:02:43]} 24. Nc1 {[%emt 0:02:58]} Be7 {[%emt 0:01:34]} 25. Nb3 {[%emt 0:00:10]} Kc7 {[%emt 0:01:57]} 26. Nd2 {[%emt 0:02:23]} Nf6 {[%emt 0:00:26]} 27. Nf3 {[%emt 0:01:43]} Ng4 {[%emt 0:05:03]} 28. Rc2 {[%emt 0:00:01]} Nxe3 {[%emt 0:00:54]} 29. Rxe3 {[%emt 0:00:01]} Rg4 {[%emt 0:00:25]} 30. b4 {[%emt 0:01:34]} Rxf4 {[%emt 0:00:22]} 31. Rb2 {[%emt 0:00:55]} Bf6 {[%emt 0:02:42]} 32. b5 {[%emt 0:01:08]} Bxc3 {[%emt 0:01:03]} 33. Ra2 {[%emt 0:00:02]} axb5 {[%emt 0:01:57]} 34. Bxb5 {[%emt 0:00:01]} Rb4 {[%emt 0:00:14]} 0-1

[Event "XXVII RUS-chT Women 2020"]
[Site "Sochi"]
[Date "2020.11.22"]
[Round "4.8"]
[White "Chernyak, Viktoria"]
[Black "Smirnova, Ekaterina"]
[Result "1-0"]
[WhiteElo "2325"]
[BlackElo "2239"]
[Annotator "TA"]
[PlyCount "69"]
[EventDate "2020.11.19"]
[EventType "team-tourn"]
[EventCountry "RUS"]
[SourceTitle "playchess.com"]
[Source "ChessBase"]
[SourceQuality "1"]

{[%evp 13,69,15,39,37,35,39,15,12,42,52,42,43,72,66,82,82,74,74,72,74,74,77,79,78,82,81,100,105,92,92,152,138,133,135,143,106,161,93,165,183,252,229,213,204,384,335,510,491,700,647,835,658,641,506,536,531,1475,1441]} 1. c4 c6 2. Nf3 Nf6 3. g3 d5 4. Bg2 Bg4 5. Ne5 Be6 6. cxd5 Bxd5 7. Nf3 c5 8. Nc3 {A11: English Opening: 1...c6.} Bc6 9. O-O e6 10. Re1 {The position is equal.} Nbd7 11. e4 e5 12. d3 g6 13. a3 {[#]} Be7 $146 ({Predecessor:} 13... a5 14. a4 Bg7 15. Nd2 O-O 16. Nc4 Ne8 17. f4 Nc7 18. f5 Na6 19. Rf1 Nb4 {1-0 (41) Milos,G (2567)-Guimaraes,D (2219) Florianopolis 2017}) 14. Bh6 Ng4 15. Bd2 $1 O-O 16. Nd5 Ngf6 17. Nxe7+ Qxe7 18. b4 {[%cal Bb2b4,Bb4b5][%mdl 32]} b6 19. Qb3 Rfd8 20. Bc3 Rac8 21. Qb2 Re8 (21... Bb7 $142) 22. b5 $1 $16 {[%cal Rb5c6]} Bb7 {[#]} 23. Nd2 $1 Nh5 24. Nc4 f6 (24... Ng7 $16 {keeps fighting.} 25. f4 Ne6) 25. Re3 (25. a4 $18) 25... Rb8 {[#]} (25... Nf8 $16) 26. Rf1 $1 $18 {[%cal Ba1f1,Bf1f4,Bf4g4][%mdl 32]} g5 (26... Rf8 {might work better.} 27. a4 Rf7) 27. Qe2 Ng7 28. f4 gxf4 $2 (28... h5 29. fxg5 fxg5) 29. gxf4 exf4 (29... Rf8 {was called for.} 30. Rg3 Kh8 31. fxe5 Nxe5) 30. Rxf4 {White is clearly winning.} Ne5 (30... Ne6 $142) 31. Rg3 Kh8 32. Nxe5 fxe5 33. Rfg4 Nh5 34. Rh3 Qf7 {[#] and if ...Nf4 works, Black does fine.} 35. Rxh5 $1 {[%mdl 512] White took control after the opening.  Weighted Error Value: White=0.15/Black=0.41} 1-0